Vzestup a pád doktríny preventivní války

Bývalý americký prezident Harry Truman kedysi povedal, že jediné, čomu je možné účinne predísť preventívnou vojnou, je mier. Ťaženie proti Iraku, vedené súčasným americkým prezidentom G. W. Bushom ukázalo, že toto tvrdenie je aj po polstoročí pravdivé. Vojna, ktorá mala viesť k k zníženiu hrozby glo...

Descrizione completa

Salvato in:
Dettagli Bibliografici
Autore principale: Bílková, Veronika
Natura: Capitolo di libro
Lingua:ceco
Soggetti:
Tags: Aggiungi Tag
Nessun Tag, puoi essere il primo ad aggiungerne!!

MARC

LEADER 00000naa$a2200000$$$4500
001 0074359
005 20231016093357.2
041 0 |a cze 
044 |a CZ 
245 1 0 |a Vzestup a pád doktríny preventivní války  |c Veronika Bílková 
520 |a Bývalý americký prezident Harry Truman kedysi povedal, že jediné, čomu je možné účinne predísť preventívnou vojnou, je mier. Ťaženie proti Iraku, vedené súčasným americkým prezidentom G. W. Bushom ukázalo, že toto tvrdenie je aj po polstoročí pravdivé. Vojna, ktorá mala viesť k k zníženiu hrozby globálneho terorizmu, k ukončeniu proliferácie atómových zbraní a k nastoleniu demokracie a vlády práva na Blízkom východe, uvrhla celý región do zmätku, z ktorého sa dodnes nespamätal. Podľa niektorých tento stav spôsobila nesprávna realizácia doktríny preventívnych úderov, ktorá je vo svojej podstate dobrá. Skutočťnosť však naznačuje, že fatálnymi nedostatkami trpí samotná doktrína. 
610 2 0 |a konflikty medzinárodné 
610 2 0 |a vojny 
610 2 0 |a terorizmus 
610 2 0 |a bezpečnosť 
610 2 0 |a demokracia 
610 2 0 |a zbrane 
610 2 0 |a odzbrojenie 
610 2 0 |a prevencia 
610 2 0 |a Irak 
610 2 0 |a USA 
100 1 |a Bílková, Veronika